00717 a2200205 450000100060000002000150000604000240002110000180004524000290006324500240009230000070011636200090012344000120013265000310014494200070017595201040018295201040028695201040039099900170049469251 a8508095074 cAnchieta - Itaigara aChild, Lauren10aClarice Bean sou eulpor10aClarice Bean sou eu a310 a2005 1aÁtica 4aLiteratura infanto-juvenil cBK 00104070a88.1b88.1d2023-11-21l0o028.5 CHI CLAp1374/ITAr2023-11-21 20:03:44w2023-11-21yBK 00104070a88.1b88.1d2023-11-21l0o028.5 CHI CLAp1375/ITAr2023-11-21 20:03:44w2023-11-21yBK 00104070a88.1b88.1d2023-11-21l0o028.5 CHI CLAp1376/ITAr2023-11-21 20:03:44w2023-11-21yBK c69251d69251